00717nam a2200229 a 4500001001300000003000900013005001700022008004100039020002300080082001500103100002000118245006200138260003600200300000900236500003500245505002400280700002000304902000800324942000700332952013100339999001700470nice12345678IN_TiNIC20260116014615.0050524s2005 newa grp 000 0 eng  a817304404X c20000a297.8bGRA aGrare, Frederic aPolitical Islam in the Subcontinentb the Jamaat-I-Islami aNew Delhi bManohar Pub. c2005 a134p aincludes index and biblioraphy2 aBibliography, Index1 aGrare, Frederic bSRS cBK 001040708StackRoom-aHMIbHMId2005-05-24g200.00l4m6o297.8 GRAp021361r2019-08-07s2019-08-02v200.00w2005-05-24yBK c16205d16205